Normal view MARC view
  • Tapia, Lucio

Entry Nombre Personal

Number of records used in: 5

001 - NUMERO DE CONTROL

  • campo de control: 48873

003 - IDENTIFICADOR DE NUMERO DE CONTROL

  • campo de control: MX-MxUPN

005 - FECHA Y HORA DE LA ÜLTIMA TRANSACCIÓN

  • campo de control: 20230511135146.0

008 - DATOS DE LONGITUD FIJA

  • campo de control de longitud fija: 230511|| aca||aabn | a|a d

040 ## - FUENTE DE CATALOGACIÓN

  • Agencia original de catalogación: MX-MxUPN
  • Lenguaje de catalogación: spa
  • Agencia de transcripción: MX-MxUPN

100 1# - ENCABEZAMIENTO - NOMBRE PERSONAL

  • Nombre personal: Tapia, Lucio

670 ## - FUENTE EN LA QUE SE LOCALIZARON DATOS

  • Cita de la fuente: Viaje a través de México : por dos niños huérfanos : escenas y paisajes de México antiguo y México actual : escenas y paisajes de México antiguo y México actual, 1926:
  • Información localizada: portada (Lucio Tapia; de la Escuela Normal de México)

902 ## - CATALOGADOR

  • Catalogador: Víctor Ruiz/110523